00239nam a2200109Ia 4500008004100000041001200041082001100053100002400064245001700088260001600105650000800121221030s9999 xx 000 0 und d aEnglish a105.23 aPankaj Pandotra/268 0aCABLE MODEMS aJammuc2000 aECE